Grenzen der Gerichtsbarkeit im sozialen Rechtsstaat.
Saved in:
| Main Author: | |
|---|---|
| Format: | Book |
| Language: | German |
| Published: |
Berlin,
Duncker & Humblot
[1971]
|
| Series: | Schriften zum öffentlichen Recht ;
Bd. 173. |
| Subjects: | |
| Tags: |
Add Tag
No Tags, Be the first to tag this record!
|
| LEADER | 00876nam a2200277I 4500 | ||
|---|---|---|---|
| 001 | 005174976-9 | ||
| 005 | 20020606095253.2 | ||
| 008 | 830506s1971 gw b 000 0 ger | ||
| 010 | |a 70888991 | ||
| 015 | |a GDB*** | ||
| 020 | |a 3428025601 | ||
| 035 | 0 | |a ocm09484924 | |
| 040 | |a DLC |c LUM |d HVL | ||
| 100 | 1 | |a Oettl, Gerhard. | |
| 245 | 1 | 0 | |a Grenzen der Gerichtsbarkeit im sozialen Rechtsstaat. |
| 260 | |a Berlin, |b Duncker & Humblot |c [1971] | ||
| 300 | |a 98 p. |c 24 cm. | ||
| 490 | 1 | |a Schriften zum öffentlichen Recht ; |v Bd. 173 | |
| 504 | |a Bibliography: p. [92]-98. | ||
| 650 | 0 | |a Judicial review |z Germany (West) | |
| 650 | 0 | |a Judicial review of administrative acts |z Germany (West) | |
| 650 | 0 | |a Competent authority |z Germany (West) | |
| 650 | 0 | |a Rule of law |z Germany (West) | |
| 830 | 0 | |a Schriften zum öffentlichen Recht ; |v Bd. 173. | |
| 988 | |a 20020608 | ||
| 906 | |0 DLC | ||


